Central Library OPAC University of Rajshahi

The Ethiopians : (Record no. 54561)

MARC details
000 -LEADER
fixed length control field 00784nam a2200265 a 4500
001 - CONTROL NUMBER
control field 54561
003 - CONTROL NUMBER IDENTIFIER
rucl marc code BD-RJUL
005 - DATE AND TIME OF LATEST TRANSACTION
control field 20211209080134.0
008 - FIXED-LENGTH DATA ELEMENTS--GENERAL INFORMATION
fixed length control field 161107s1973 enka b 001 0 eng d
020 ## - INTERNATIONAL STANDARD BOOK NUMBER
International Standard Book Number 019285061X
035 ## - SYSTEM CONTROL NUMBER
System control number BD-RjUL54683
040 ## - CATALOGING SOURCE
Original cataloging agency BD-RjUL
Language of cataloging eng
Transcribing agency BD-RjUL
041 ## - LANGUAGE CODE
Language code of text/sound track or separate title eng
082 ## - DEWEY DECIMAL CLASSIFICATION NUMBER
Edition number 23
Classification number 963
Author mark and year ULE 1973
100 1# - MAIN ENTRY--PERSONAL NAME
Personal name Ullendorff, Edward.
9 (RLIN) 162750
245 14 - TITLE STATEMENT
Title The Ethiopians :
Remainder of title an introduction to country and people /
Statement of responsibility, etc. Edward Ullendorf
250 ## - EDITION STATEMENT
Edition statement 3rd ed
260 ## - PUBLICATION, DISTRIBUTION, ETC. (IMPRINT)
Place of publication, distribution, etc. Oxford University Press :
Name of publisher, distributor, etc. London,
Date of publication, distribution, etc. 1973
300 ## - PHYSICAL DESCRIPTION
Pagination xiv, 239 p. :
Illustrations ill. ;
Size 21 cm
504 ## - BIBLIOGRAPHY, ETC. NOTE
Bibliography, etc Bibliographical references: p. [203]-219
651 #0 - SUBJECT ADDED ENTRY--GEOGRAPHIC NAME
Geographic name Ethiopia
9 (RLIN) 162751
830 #0 - SERIES ADDED ENTRY--UNIFORM TITLE
Uniform title Oxford paperbacks ;
Volume number/sequential designation 282
942 ## - ADDED ENTRY ELEMENTS (KOHA)
Source of classification or shelving scheme Dewey Decimal Classification
Koha item type Books
Holdings
Lost status Source of classification or shelving scheme Damaged status Not for loan Collection code Permanent Location Current Location Shelving location Date acquired Source of acquisition Cost, normal purchase price Total Checkouts Full call number Date last seen Copy number Koha item type
  Dewey Decimal Classification     Non-fiction Central Library, University of Rajshahi Central Library, University of Rajshahi   27/11/1975 Gono Prokashani, Dacca 1.50   963 ULE 1973 07/11/2016 C-2 Books